| 000 | 00985cam a2200253 a 4500 | ||
|---|---|---|---|
| 005 | 20211108102502.0 | ||
| 008 | 130821s1997 ck gr spa | ||
| 020 | _a9586531295 | ||
| 040 |
_aCo-BoUCM _bspa _cDavid Avila (modificó) _d[Nuevo] |
||
| 041 | 0 | _aspa | |
| 110 | 1 |
_aBogotá (Colombia) _bSecretaría de Gobierno _977640 |
|
| 245 | 0 | 0 |
_aNormatividad de Bogotá _bDistrito Capital _cSecretaría de Gobierno |
| 246 | 1 | 8 | _aNormatividad de Bogotá, D.C |
| 260 |
_aBogotá (Cundinamarca, Colombia) _bLegis _c1997 |
||
| 300 | _a724 páginas | ||
| 650 | 0 | 4 |
_aAdministración municipal _98605 |
| 650 | 0 | 4 |
_aAdministración municipal _xLegislación _zColombia _9102627 |
| 650 | 0 | 4 |
_aEstatuto orgánico de Santa Fe de Bogotá _915052 |
| 650 | 0 | 4 |
_aLegislación _zBogotá (Colombia) _97782 |
| 650 | 0 | 4 |
_aOrdenanzas municipales _zBogotá (Colombia) _977641 |
| 690 | 0 |
_aAdministración pública _9355 |
|
| 942 |
_cLIBRO _a16 _e1 _h352.0072 _mN67 _2DEWEY |
||
| 999 |
_c22346 _d22346 |
||